Σκεφτόμαστε το '21
Αποθηκεύτηκε σε:
| Άλλοι συγγραφείς: | , |
|---|---|
| Μορφή: | Βιβλίο |
| Γλώσσα: | Greek |
| Δημοσίευση: |
Ρέθυμνο :
Εκδόσεις της Φιλοσοφικής Σχολής του Πανεπιστημίου Κρήτης,
2021.
|
| Θέματα: | |
| Ετικέτες: |
Προσθήκη ετικέτας
Δεν υπάρχουν, Καταχωρήστε ετικέτα πρώτοι!
|
MARC
| LEADER | 00000cam a2200000 a 4500 | ||
|---|---|---|---|
| 001 | 1/125375 | ||
| 008 | 220920s2021####gr | ||| |||| ||gre|| | ||
| 020 | |a 9786188549654 | ||
| 040 | |a GR-MyUa |b gre |c GR-MyUa |e AACR2 | ||
| 041 | 0 | |a gre | |
| 082 | 7 | |a 938.5 |2 (23) | |
| 245 | 0 | 0 | |a Σκεφτόμαστε το '21 / |c Αλέξης Πολίτης ... [κ.ά.] ; επιμέλεια Αγγέλα Καστρινάκη. |
| 260 | |a Ρέθυμνο : |b Εκδόσεις της Φιλοσοφικής Σχολής του Πανεπιστημίου Κρήτης, |c 2021. | ||
| 300 | |a 132 σ. ; |c 19 εκ. | ||
| 500 | |a Ομιλίες της διαδικτυακής εκδήλωσης της Φιλοσοφικής Σχολής που πραγματοποιήθηκε στις 24/3/2021, για την επέτειο των 200 χρόνων από την έναρξη της Επανάστασης. | ||
| 500 | |a Αλέξης Πολίτης - Παναγιώτης Στάθης - Δημήτρης Πολυχρονάκης - Ελευθερία Ζέη- Ηλίας Κολοβός. | ||
| 504 | |a Περιλαμβάνει βιβλιογραφικές παραπομπές. | ||
| 651 | 0 | |a Greece |x History |y War of Independence, 1821-1829. | |
| 700 | 1 | |a Πολίτης, Αλέξης, |d 1945- | |
| 700 | 1 | |a Καστρινάκη, Αγγέλα, |d 1961- |e edtf | |
| 852 | |a INST |b LESVOS |e 20220920 |h 938.5 ΣΚΕ |p 005100064162 |q 005100064162 |t BK |y 0 | ||
| 970 | |a Δημάκη |b Μαρία |z 20-09-2022 | ||